[Event "58th ch-IND 2022"]
[Site "Kanpur IND"]
[Date "2022.02.25"]
[EventDate "?"]
[Round "2.7"]
[Result "0-1"]
[White "Ravikumar Ayushh"]
[Black "D Gukesh"]
[WhiteElo "2269"]
[BlackElo "2614"]
[PlyCount "94"]

1. d4 Nf6 2. c4 e6 3. Nf3 d5 4. Nc3 Bb4 5. Bg5 Nbd7 6. e3 O-O 7. Rc1 h6 8. Bh4 c5 9. cxd5 exd5 10. dxc5 Qa5 11. Bxf6 Nxf6 12. Bd3 Bxc3+ 13. bxc3 Qxa2 14. Nd4 Bd7 15. O-O Qa5 16. Nb3 Qc7 17. c4 Ng4 18. g3 dxc4 19. Bxc4 Ne5 20. Nd4 Nxc4 21. Rxc4 a5 22. Qc2 Rfc8 23. Rc1 Ra6 24. Qb3 a4 25. Qa3 Qe5 26. Rb1 Qd5 27. Rbc1 Rf6 28. Qb2 Re8 29. R4c3 h5 30. c6 Bxc6 31. Nxc6 Rxc6 32. Rxc6 bxc6 33. Qb7 a3 34. Qxc6 Qxc6 35. Rxc6 Ra8 36. Rc1 a2 37. Ra1 f5 38. Kf1 Kf7 39. Ke2 Ke6 40. f3 Kd5 41. h3 Kc4 42. g4 hxg4 43. hxg4 fxg4 44. fxg4 Kc3 45. e4 Ra3 46. Rxa2 Rxa2+ 47. Ke3 Ra5 0-1

[Event "58th ch-IND 2022"]
[Site "Kanpur IND"]
[Date "2022.02.26"]
[EventDate "?"]
[Round "3.6"]
[Result "1-0"]
[White "D Gukesh"]
[Black "Sammed Jaykumar, Shete"]
[WhiteElo "2614"]
[BlackElo "2408"]
[PlyCount "92"]

1. d4 Nf6 2. c4 e6 3. Nc3 Bb4 4. a3 Bxc3+ 5. bxc3 O-O 6. e3 d6 7. Bd3 e5 8. Ne2 Re8 9. O-O Nc6 10. f3 b6 11. e4 h6 12. Be3 Na5 13. Ng3 Ba6 14. Qe2 Qd7 15. Nf5 Kh7 16. f4 Ng8 17. fxe5 dxe5 18. Rf3 Re6 19. Raf1 Rf8 20. d5 Rg6 21. Nh4 Rg4 22. g3 c5 23. h3 Rxh4 24. gxh4 f6 25. Rg3 Qf7 26. Kh2 Ne7 27. Rfg1 Rg8 28. h5 Nb7 29. a4 Nd6 30. a5 Qf8 31. Qa2 Bc8 32. axb6 axb6 33. Qa7 Qd8 34. Rb1 f5 35. Qxb6 f4 36. Rg6 Nb7 37. Bxf4 exf4 38. e5 Bf5 39. Bxf5 Nxf5 40. Qxb7 Qh4 41. d6 Qxh5 42. Rg4 Kh8 43. Qe4 Ne3 44. Rxf4 Qe2+ 45. Kg1 Qd2 46. Rf2 1-0

[Event "58th ch-IND 2022"]
[Site "Kanpur IND"]
[Date "2022.02.26"]
[EventDate "?"]
[Round "4.3"]
[Result "0-1"]
[White "Chatterjee Utsab"]
[Black "D Gukesh"]
[WhiteElo "2321"]
[BlackElo "2614"]
[PlyCount "80"]

1. e4 e6 2. d4 d5 3. Nd2 c5 4. exd5 Qxd5 5. Ngf3 cxd4 6. Bc4 Qd6 7. O-O Nf6 8. Nb3 Nc6 9. Nbxd4 Nxd4 10. Nxd4 a6 11. a4 Bd7 12. b3 Qc7 13. Bb2 Bd6 14. h3 O-O-O 15. Qe2 Rhe8 16. Nf3 Bc6 17. Ne5 Be4 18. Nf3 e5 19. Rfd1 Kb8 20. Bc3 h6 21. Bb2 Rd7 22. Nd2 Bg6 23. Nf1 Bh5 24. g4 Bg6 25. Ne3 Bc5 26. Rxd7 Qxd7 27. Rd1 Qc6 28. Kh2 Ka7 29. Nd5 Be4 30. Nxf6 gxf6 31. Kg3 f5 32. f3 f4+ 33. Kg2 f5 34. Bc3 Re7 35. Be1 Rg7 36. Rd2 h5 37. fxe4 hxg4 38. hxg4 fxe4 39. Bd5 f3+ 40. Kg3 Rxg4+ 0-1

[Event "58th ch-IND 2022"]
[Site "Kanpur IND"]
[Date "2022.02.28"]
[EventDate "?"]
[Round "6.2"]
[Result "0-1"]
[White "Chatterjee Koustav"]
[Black "D Gukesh"]
[WhiteElo "2466"]
[BlackElo "2614"]
[PlyCount "122"]

1. e4 c5 2. Nf3 Nc6 3. Bb5 g6 4. O-O Bg7 5. c3 Nf6 6. Re1 O-O 7. d4 d5 8. e5 Ne4 9. Bxc6 bxc6 10. Be3 cxd4 11. cxd4 f6 12. Qc1 Rb8 13. exf6 exf6 14. Qxc6 Rxb2 15. Nbd2 Rb6 16. Qc2 g5 17. Nb3 Nd6 18. Nc5 Qc7 19. Qa4 Nf5 20. Nd2 Qf7 21. f3 Rd8 22. Bf2 Bf8 23. Ndb3 Bd6 24. Re2 h5 25. Rae1 Ng7 26. Na5 Bd7 27. Nxd7 Qxd7 28. Qxd7 Rxd7 29. Nb3 Rc6 30. g4 h4 31. Nc5 Bxc5 32. dxc5 Kf7 33. Rd1 Ne6 34. Red2 Ra6 35. Be3 Ra3 36. Kf2 a5 37. c6 Rc7 38. Rc2 Nd8 39. Rdc1 Ne6 40. Bb6 Rc8 41. Rd1 Nf4 42. c7 Ke8 43. Rcd2 Kd7 44. Bd4 Rxc7 45. Bxf6 Nh3+ 46. Kg2 Nf4+ 47. Kf2 Ke6 48. Bd4 Nh3+ 49. Kg2 Nf4+ 50. Kf2 Rc4 51. Re1+ Kd7 52. Re3 Rxd4 53. Rxd4 Rxa2+ 54. Kf1 Kd6 55. Re8 Kc5 56. Rd1 Rxh2 57. Rc8+ Kd6 58. Rd4 Ra2 59. Rd8+ Kc5 60. Rd1 h3 61. Kg1 Ne2+ 0-1

[Event "58th ch-IND 2022"]
[Site "Kanpur IND"]
[Date "2022.02.28"]
[EventDate "?"]
[Round "7.2"]
[Result "1/2-1/2"]
[White "D Gukesh"]
[Black "Chithambaram VR Aravindh"]
[WhiteElo "2614"]
[BlackElo "2611"]
[PlyCount "138"]

1. d4 Nf6 2. c4 e6 3. Nf3 Bb4+ 4. Bd2 Qe7 5. g3 Nc6 6. Bg2 Bxd2+ 7. Nbxd2 d6 8. O-O O-O 9. e4 e5 10. d5 Nb8 11. Ne1 a5 12. b3 Na6 13. a3 Bg4 14. f3 Bd7 15. Nd3 c6 16. Qe2 cxd5 17. exd5 b5 18. f4 e4 19. Nxe4 Rfe8 20. Nxf6+ Qxf6 21. Qb2 a4 22. Qxf6 gxf6 23. b4 bxc4 24. Nf2 f5 25. Rfc1 Nc7 26. Rxc4 Nb5 27. Bf1 Re3 28. Nd3 Rae8 29. Kf2 Kg7 30. Ra2 R8e7 31. Rc1 Be8 32. Rc4 h5 33. Ra1 h4 34. gxh4 R3e4 35. Nb2 Nd4 36. Rd1 Rxf4+ 37. Kg3 Rg4+ 38. Kf2 Ree4 39. h3 Ref4+ 40. Ke1 Rxh4 41. Rc3 Re4+ 42. Kd2 Rhf4 43. Rg3+ Kf6 44. Nd3 Rh4 45. Kc3 Bb5 46. Rd2 f4 47. Rg8 Nf5 48. Rb8 Bd7 49. b5 Ne3 50. Nf2 Re7 51. Bd3 Bf5 52. Bxf5 Kxf5 53. b6 f3 54. Rd4 Rxd4 55. Kxd4 Kf4 56. b7 Nc2+ 57. Kc3 Nxa3 58. Kb4 Nc2+ 59. Kxa4 Nd4 60. h4 f5 61. h5 Ke3 62. Nh3 f2 63. Nxf2 Kxf2 64. Ka5 Nb3+ 65. Kb6 Nc5 66. Kc6 Rh7 67. Kxd6 Nxb7+ 68. Ke5 Ke3 69. Kxf5 Rxh5+ 1/2-1/2

[Event "58th ch-IND 2022"]
[Site "Kanpur IND"]
[Date "2022.03.01"]
[EventDate "?"]
[Round "8.2"]
[Result "1/2-1/2"]
[White "Babu MR Lalith"]
[Black "D Gukesh"]
[WhiteElo "2563"]
[BlackElo "2614"]
[PlyCount "60"]

1. d4 Nf6 2. c4 e6 3. Nf3 d5 4. Nc3 Bb4 5. Qa4+ Nc6 6. e3 O-O 7. Bd2 Re8 8. a3 Bf8 9. Qc2 h6 10. O-O-O e5 11. cxd5 Nxd5 12. Nxd5 Qxd5 13. Bc4 Qd6 14. Qe4 Bd7 15. dxe5 Nxe5 16. Nxe5 Qxe5 17. Qxe5 Rxe5 18. Bc3 Re7 19. Rd2 Bc6 20. Bd5 Bxd5 21. Rxd5 c6 22. Rd3 f6 23. Rhd1 Kf7 24. g4 Ke8 25. h4 a5 26. g5 fxg5 27. hxg5 hxg5 28. Rg1 Rf7 29. Rxg5 Rxf2 30. Bxg7 Rf7 1/2-1/2

[Event "58th ch-IND 2022"]
[Site "Kanpur IND"]
[Date "2022.03.01"]
[EventDate "?"]
[Round "9.2"]
[Result "1/2-1/2"]
[White "D Gukesh"]
[Black "P Iniyan"]
[WhiteElo "2614"]
[BlackElo "2516"]
[PlyCount "130"]

1. d4 Nf6 2. c4 e6 3. Nf3 b6 4. a3 Ba6 5. Qc2 Bb7 6. Nc3 c5 7. e4 cxd4 8. Nxd4 Bc5 9. Nf3 Ng4 10. h3 Nxf2 11. Rh2 f5 12. b4 Nxe4 13. bxc5 Qc7 14. Be3 bxc5 15. Nb5 Qa5+ 16. Bd2 Qd8 17. Bf4 O-O 18. O-O-O Nc6 19. Bd3 d5 20. Nc7 e5 21. cxd5 Qxc7 22. dxc6 exf4 23. cxb7 Qxb7 24. Rhh1 c4 25. Bxc4+ Kh8 26. Rd4 Qe7 27. Kb2 Rfc8 28. Rhd1 h6 29. Ka2 Rab8 30. R1d3 Rc5 31. Rb3 Rbc8 32. Qd3 Nf2 33. Qf1 Ne4 34. Qd3 Nf2 35. Qe2 Ne4 36. Ka1 Qf6 37. Rb2 Qc6 38. Rc2 Qf6 39. Qd3 Nd6 40. Ka2 Nb5 41. Rd7 Nxa3 42. Qxa3 Rxc4 43. Rxc4 Rxc4 44. Qb2 Qxb2+ 45. Kxb2 Re4 46. Nd4 Re3 47. Rc7 g6 48. Rc2 Kg7 49. Rf2 Kf6 50. Ne2 g5 51. Kc2 Ke5 52. Kd2 Ke4 53. Kc2 f3 54. Nc3+ Kf4 55. Kd2 Rxc3 56. Kxc3 g4 57. hxg4 fxg4 58. gxf3 g3 59. Ra2 Kxf3 60. Rxa7 g2 61. Rf7+ Ke2 62. Rg7 Kf2 63. Rf7+ Kg3 64. Rg7+ Kh2 65. Rh7 1/2-1/2

[Event "58th ch-IND 2022"]
[Site "Kanpur IND"]
[Date "2022.03.02"]
[EventDate "?"]
[Round "10.3"]
[Result "0-1"]
[White "Abhijeet Gupta"]
[Black "D Gukesh"]
[WhiteElo "2628"]
[BlackElo "2614"]
[PlyCount "128"]

1. d4 Nf6 2. c4 e6 3. Nc3 Bb4 4. a3 Bxc3+ 5. bxc3 Nc6 6. f3 b6 7. e4 d6 8. Bd3 Na5 9. Bg5 h6 10. Bh4 g5 11. Bf2 Rg8 12. Ne2 Ba6 13. O-O Qd7 14. d5 c5 15. dxc6 Nxc6 16. Nd4 Ne5 17. Nb5 Ke7 18. a4 Rgc8 19. Be2 Nxc4 20. Nd4 Nb2 21. Qc2 Bxe2 22. Qxe2 Nxa4 23. e5 Ne8 24. f4 Nxc3 25. Qh5 dxe5 26. fxe5 Kd8 27. Be3 Rc7 28. Nf3 Nd5 29. Rfd1 Rb8 30. Qxh6 Kc8 31. Bxg5 Kb7 32. h4 Qb5 33. Kh1 Rbc8 34. h5 Qb4 35. Rd4 Qb2 36. Rda4 a5 37. R4a2 Qb3 38. Bd2 Ra8 39. Ra3 Qc2 40. Qg5 f6 41. Qg4 fxe5 42. Qxe6 Nef6 43. Rc1 Qh7 44. Rxc7+ Qxc7 45. Qxe5 Qxe5 46. Nxe5 Nxh5 47. g4 Nhf6 48. g5 Ne4 49. Nf3 Nxd2 50. Nxd2 b5 51. Rd3 Nf4 52. Rf3 Nd5 53. Rf5 Kc6 54. Nb3 a4 55. Nd4+ Kc5 56. Nxb5 Kxb5 57. Rxd5+ Kc4 58. Rd7 a3 59. Rc7+ Kb3 60. Rb7+ Kc2 61. Rc7+ Kd2 62. Rd7+ Ke2 63. Re7+ Kf2 64. Rf7+ Kg3 0-1

[Event "58th ch-IND 2022"]
[Site "Kanpur IND"]
[Date "2022.03.03"]
[EventDate "?"]
[Round "11.2"]
[Result "1/2-1/2"]
[White "D Gukesh"]
[Black "Aryan Chopra"]
[WhiteElo "2614"]
[BlackElo "2585"]
[PlyCount "60"]

1. d4 Nf6 2. c4 e6 3. Nf3 b6 4. a3 Bb7 5. Nc3 d5 6. cxd5 Nxd5 7. Qc2 Nxc3 8. bxc3 Be7 9. e4 O-O 10. Bd3 c5 11. O-O Qc7 12. Qe2 Rd8 13. Bb2 Nd7 14. Rfe1 Rac8 15. Rad1 Nf6 16. Bb1 b5 17. Qc2 g6 18. Qe2 a5 19. h3 c4 20. Bc1 b4 21. axb4 axb4 22. cxb4 Bxb4 23. Bg5 Bxe1 24. Qxe1 Ne8 25. Bxd8 Qxd8 26. Bc2 Nd6 27. Rb1 Rc7 28. Qe3 c3 29. Ra1 Nc4 30. Qd3 Nd6 1/2-1/2

[Event "MPL Indian Chess Tour #1"]
[Site "chess24.com INT"]
[Date "2022.03.31"]
[EventDate "2022.03.31"]
[Round "2.2"]
[Result "0-1"]
[White "Abhijeet Gupta"]
[Black "D Gukesh"]
[WhiteElo "2628"]
[BlackElo "2614"]
[PlyCount "90"]

1. d4 Nf6 2. Nf3 d5 3. Bf4 c5 4. e3 Nc6 5. Nbd2 Bg4 6. c3 e6 7. h3 Bh5 8. g4 Bg6
9. Nh4 Be4 10. Nhf3 Bg6 11. Bb5 Nd7 12. Qa4 Qc8 13. Ne5 Ncxe5 14. Bxe5 a6 15.
Bxd7+ Qxd7 16. Qxd7+ Kxd7 17. h4 f6 18. h5 Bd3 19. Bg3 h6 20. f3 b5 21. Kf2 b4
22. cxb4 cxd4 23. Rhc1 Ra7 24. exd4 Bxb4 25. Ke3 Bb5 26. Nb3 Bc4 27. Nd2 Bb5 28.
a4 Bc6 29. Nb3 Rb7 30. Rc2 Bd6 31. Na5 Bxg3 32. Rxc6 Rxb2 33. Rxa6 Rc8 34. Ra7+
Rc7 35. Nc6 Kxc6 36. Rc1+ Kd7 37. Rcxc7+ Bxc7 38. a5 Ra2 39. Ra8 Rxa5 40. Rg8
Ra3+ 41. Ke2 Bf4 42. Rxg7+ Kd6 43. Rg8 Ra2+ 44. Ke1 e5 45. Rg6 Bg5 0-1

[Event "MPL Indian Chess Tour #1"]
[Site "chess24.com INT"]
[Date "2022.03.31"]
[EventDate "2022.03.31"]
[Round "3.7"]
[Result "1/2-1/2"]
[White "D Gukesh"]
[Black "P Iniyan"]
[WhiteElo "2614"]
[BlackElo "2516"]
[PlyCount "128"]

1. d4 Nf6 2. c4 c5 3. d5 b5 4. cxb5 a6 5. bxa6 g6 6. Nc3 Bxa6 7. e4 Bxf1 8. Kxf1
d6 9. g3 Bg7 10. Kg2 O-O 11. Nf3 Nbd7 12. h3 Ra6 13. Bd2 Qa8 14. Qc2 Rb8 15. b3
Rb4 16. Rhe1 c4 17. bxc4 Rxc4 18. Qd3 Rc8 19. Rac1 Nc5 20. Qe2 Nfd7 21. Rc2 Ra3
22. Rec1 Qa6 23. Qxa6 Rxa6 24. Be3 Bxc3 25. Rxc3 Rxa2 26. e5 Rca8 27. Rb1 R8a3
28. Rxa3 Rxa3 29. exd6 exd6 30. Nd4 Nf6 31. Rb8+ Kg7 32. Nb5 Rb3 33. Bd4 Nd7 34.
Rb7 Kg8 35. Kf1 g5 36. Ke1 h6 37. Kd1 Nxd5 38. Kc2 Rb4 39. Rxd7 Rxb5 40. Rxd6
Kh7 41. Kd3 Nc7 42. Rd7 Ne6 43. Rxf7+ Kg8 44. Rd7 Nxd4 45. Kxd4 Rf5 46. Ke3 Rf6
47. Ra7 Re6+ 48. Kf3 Rf6+ 49. Kg2 Rb6 50. f4 gxf4 51. gxf4 Rb3 52. h4 Rc3 53.
Re7 Rb3 54. h5 Ra3 55. Re6 Kg7 56. Rg6+ Kh7 57. Rf6 Kg7 58. Rf5 Rb3 59. Kf2 Ra3
60. Ke2 Rb3 61. Kd2 Ra3 62. Ke2 Rb3 63. Rd5 Rh3 64. Re5 Kf6 1/2-1/2

[Event "MPL Indian Chess Tour #1"]
[Site "chess24.com INT"]
[Date "2022.04.01"]
[EventDate "2022.03.31"]
[Round "5.6"]
[Result "0-1"]
[White "D Gukesh"]
[Black "Abhimanyu Puranik"]
[WhiteElo "2614"]
[BlackElo "2618"]
[PlyCount "84"]

1. d4 Nf6 2. c4 g6 3. Nc3 d5 4. Nf3 Bg7 5. h4 dxc4 6. e4 c5 7. d5 b5 8. h5 O-O
9. hxg6 fxg6 10. Qc2 Na6 11. a3 Qb6 12. Nxb5 Qxb5 13. Bxc4 Qb6 14. d6+ e6 15. e5
Ng4 16. Qe4 Nxe5 17. Nxe5 Qxd6 18. Nf3 Rb8 19. Bd2 Nc7 20. Rd1 Nd5 21. Bc1 Rf5
22. g4 Rxf3 23. Qxf3 Bb7 24. Qh3 Qe5+ 25. Kf1 Qe4 26. Qxh7+ Kf7 27. Bd3 Qxg4 28.
Be2 Ba6 29. Rd2 Bxe2+ 30. Rxe2 Rh8 31. Qxh8 Bxh8 32. Rxh8 Qc4 33. Bh6 Qd3 34.
Bd2 Nf6 35. Ra8 Ne4 36. Rxa7+ Kf6 37. Be3 c4 38. Rc7 g5 39. a4 g4 40. Bf4 g3 41.
Bxg3 Qd1+ 42. Re1 Nd2+ 0-1

[Event "MPL Indian Chess Tour #1"]
[Site "chess24.com INT"]
[Date "2022.04.01"]
[EventDate "2022.03.31"]
[Round "6.4"]
[Result "0-1"]
[White "Gupta Sankalp"]
[Black "D Gukesh"]
[WhiteElo "2536"]
[BlackElo "2614"]
[PlyCount "88"]

1. d4 Nf6 2. c4 e6 3. Nf3 d5 4. Nc3 Bb4 5. e3 O-O 6. Bd2 b6 7. cxd5 exd5 8. Bd3
Re8 9. Qc2 c5 10. O-O c4 11. Be2 Nc6 12. b3 Bxc3 13. Bxc3 b5 14. Ne5 Nxe5 15.
dxe5 Ne4 16. Bf3 Bf5 17. bxc4 Qc8 18. Rfc1 Ng5 19. Qe2 Nxf3+ 20. Qxf3 dxc4 21.
e4 Be6 22. Ba5 Qc5 23. Qc3 Bd7 24. Rd1 Bc6 25. Rd6 Bxe4 26. Re1 Qxe5 27. Qxe5
Rxe5 28. Rd7 Bf5 29. Rxe5 Bxd7 30. Re7 Be6 31. f4 h5 32. Kf2 Rc8 33. Bc3 a6 34.
Ra7 Rc6 35. a3 Rd6 36. Bb4 Rd3 37. Rc7 a5 38. Bxa5 Rxa3 39. Bb4 Rb3 40. Bd6 c3
41. Be5 Bc4 42. Ke3 f6 43. Rc8+ Kh7 44. Bb8 Rb1 0-1

[Event "MPL Indian Chess Tour #1"]
[Site "chess24.com INT"]
[Date "2022.04.01"]
[EventDate "2022.03.31"]
[Round "8.5"]
[Result "0-1"]
[White "Baskaran Adhiban"]
[Black "D Gukesh"]
[WhiteElo "2648"]
[BlackElo "2614"]
[PlyCount "104"]

1. e4 c5 2. Nc3 Nc6 3. Bb5 Nd4 4. Bc4 e6 5. Nge2 Nf6 6. O-O Nc6 7. d4 cxd4 8.
Nxd4 d6 9. Nxc6 bxc6 10. Bf4 e5 11. Bg5 Be7 12. Qd3 O-O 13. Rad1 Bg4 14. Rd2 Qb6
15. Qg3 Bh5 16. Bxf6 Bxf6 17. Rxd6 Bg6 18. b3 Qc7 19. Rfd1 Rad8 20. Rxd8 Bxd8
21. Qg4 Qe7 22. g3 Ba5 23. Rd7 Qb4 24. Rd3 Kh8 25. Qg5 f5 26. Rd7 fxe4 27. Nd1
Qe1+ 28. Bf1 Bb6 29. Qd2 Qxd2 30. Rxd2 Rf3 31. Be2 e3 32. Bxf3 exd2 33. c4 Bc2
34. Kf1 e4 35. Bg4 Bd3+ 36. Be2 Bb1 37. Nc3 Bc2 38. Bd1 Bd3+ 39. Be2 Bd4 40.
Bxd3 exd3 41. Nd1 g5 42. h3 Kg7 43. Kg2 Kf6 44. Kf3 Kf5 45. b4 h5 46. g4+ hxg4+
47. hxg4+ Ke5 48. a4 a6 49. a5 Ba7 50. c5 Kd4 51. Ne3 Bb8 52. Nd1 Bf4 0-1

[Event "MPL Indian Chess Tour #1"]
[Site "chess24.com INT"]
[Date "2022.04.02"]
[EventDate "2022.03.31"]
[Round "9.4"]
[Result "1-0"]
[White "D Gukesh"]
[Black "Dronavalli Harika"]
[WhiteElo "2614"]
[BlackElo "2517"]
[PlyCount "60"]

1. d4 Nf6 2. c4 g6 3. Nc3 Bg7 4. e4 d6 5. Nf3 O-O 6. Be2 c5 7. d5 e6 8. O-O Re8
9. Be3 exd5 10. exd5 Ne4 11. Nxe4 Rxe4 12. Qc2 Re8 13. Bd3 Na6 14. a3 Nc7 15.
Rae1 Bg4 16. Nd2 b5 17. h3 Bd7 18. b3 bxc4 19. bxc4 Rb8 20. Rb1 Qe7 21. Bf4 f5
22. Nf3 h6 23. h4 Qf6 24. Qd2 Kh7 25. Qa5 Na8 26. Qxa7 Rbd8 27. Rb7 Re7 28. Bd2
Qf7 29. Re1 Rxe1+ 30. Bxe1 1-0

[Event "MPL Indian Chess Tour #1"]
[Site "chess24.com INT"]
[Date "2022.04.02"]
[EventDate "2022.03.31"]
[Round "10.6"]
[Result "1/2-1/2"]
[White "Surya Shekhar Ganguly"]
[Black "D Gukesh"]
[WhiteElo "2609"]
[BlackElo "2614"]
[PlyCount "148"]

1. c4 e6 2. Nf3 d5 3. e3 Nf6 4. Nc3 b6 5. b3 Bb7 6. Bb2 Nbd7 7. Rc1 a6 8. cxd5
exd5 9. Ne2 g6 10. g3 c5 11. Bg2 b5 12. O-O Bd6 13. d4 c4 14. Ne5 O-O 15. bxc4
bxc4 16. Qa4 Qc7 17. Nxd7 Nxd7 18. Ba3 Bc6 19. Bxd6 Qxd6 20. Qa5 Rfb8 21. Qd2
Rb4 22. Nc3 a5 23. e4 dxe4 24. Nxe4 Bxe4 25. Bxe4 Rc8 26. Rfe1 Nb6 27. h4 Na4
28. Qg5 Qxd4 29. Rcd1 Qc5 30. Bd5 Rf8 31. Re5 Qb6 32. h5 Nc3 33. Bxf7+ Kxf7 34.
Rf5+ Kg8 35. Rxf8+ Kxf8 36. Rd8+ Kf7 37. Rd7+ Kg8 38. Rd8+ Kf7 39. Qf4+ Ke7 40.
Qf8+ Ke6 41. Re8+ Kd5 42. Qf3+ Kd6 43. Qf8+ Kd5 44. Qf7+ Kd4 45. Qg7+ Kd3 46.
Re3+ Qxe3 47. fxe3 gxh5 48. Qxh7+ Ne4 49. Qxh5 c3 50. Qd5+ Kxe3 51. Qxa5 Rb1+
52. Kg2 c2 53. Qa3+ Kd2 54. Qa5+ Nc3 55. Qg5+ Kd1 56. Qg4+ Ne2 57. Kf2 Kc1 58.
Kxe2 Kb2 59. Qb4+ Kxa2 60. Qa4+ Kb2 61. Qb4+ Ka2 62. Qd2 Kb3 63. Qd3+ Kb2 64.
Qd4+ Ka2 65. Qd5+ Kb2 66. Qb7+ Ka2 67. Qa7+ Kb2 68. Qb6+ Ka2 69. Qa5+ Kb2 70.
Qe5+ Ka2 71. Qd5+ Kb2 72. Qb5+ Ka2 73. Qa4+ Kb2 74. Qb4+ Ka2 1/2-1/2

[Event "MPL Indian Chess Tour #1"]
[Site "chess24.com INT"]
[Date "2022.04.02"]
[EventDate "2022.03.31"]
[Round "12.7"]
[Result "1/2-1/2"]
[White "SL Narayanan"]
[Black "D Gukesh"]
[WhiteElo "2658"]
[BlackElo "2614"]
[PlyCount "100"]

1. c4 e6 2. Nc3 d5 3. d4 Bb4 4. a3 Bxc3+ 5. bxc3 Nf6 6. e3 c5 7. cxd5 Nxd5 8. c4
Ne7 9. Nf3 O-O 10. Bd3 Nf5 11. O-O Nc6 12. Bb2 Nce7 13. Qc2 cxd4 14. exd4 b5 15.
cxb5 Bb7 16. Be2 Ng6 17. Qd2 Qd6 18. g3 Rfd8 19. Rfc1 e5 20. Qb4 exd4 21. Qxd6
Rxd6 22. Rc7 d3 23. Rxb7 dxe2 24. Re1 Rd1 25. Kg2 Nd6 26. Rc7 Nxb5 27. Rc2 Rxe1
28. Nxe1 Re8 29. Kf3 f6 30. Rxe2 Rxe2 31. Kxe2 Kf7 32. Kd3 Ke6 33. Nc2 Ne7 34.
a4 Nd6 35. Nd4+ Kd5 36. Ba3 Nef5 37. Nc2 Ne7 38. f3 g6 39. Ne3+ Ke6 40. Nc4 Nb7
41. Bxe7 Kxe7 42. Kd4 Ke6 43. Na3 a6 44. Nc2 Kd6 45. Ne3 Nc5 46. Nc4+ Kc6 47.
Na5+ Kb6 48. Nc4+ Kc6 49. Na5+ Kb6 50. Nc4+ Kc6 1/2-1/2

[Event "MPL Indian Chess Tour #1"]
[Site "chess24.com INT"]
[Date "2022.04.03"]
[EventDate "2022.03.31"]
[Round "15.1"]
[Result "1/2-1/2"]
[White "D Gukesh"]
[Black "SP Sethuraman"]
[WhiteElo "2614"]
[BlackElo "2619"]
[PlyCount "142"]

1. d4 e6 2. e4 d5 3. e5 c5 4. c3 Nc6 5. Nf3 Bd7 6. Be2 Nge7 7. Na3 Nf5 8. Nc2
Be7 9. O-O cxd4 10. cxd4 O-O 11. Ne3 Nh4 12. Nxh4 Bxh4 13. Ng4 Qb6 14. Be3 h5
15. Nh6+ gxh6 16. Bd3 f5 17. Qxh5 Qd8 18. Qg6+ Kh8 19. Qxh6+ Kg8 20. Qg6+ Kh8
21. f4 Qe7 22. Qh5+ Qh7 23. Qd1 Be8 24. Be2 Rg8 25. Rc1 Rg6 26. Rf3 Rh6 27. Rh3
Bd7 28. Rc3 Rg8 29. Bf2 Bxf2+ 30. Kxf2 Rgg6 31. Bh5 Rg7 32. b4 Nxb4 33. Be2 Kg8
34. Qb3 Nc6 35. Qxb7 Rxh3 36. Rxh3 Qg6 37. Rg3 Qe8 38. Rxg7+ Kxg7 39. Bb5 Kg6
40. a4 Nb8 41. Bxd7 Nxd7 42. Qxa7 Qc8 43. h3 Kf7 44. a5 Ke7 45. Kg3 Qc3+ 46. Kh4
Qc8 47. a6 Qh8+ 48. Kg3 Qg8+ 49. Kh2 Qc8 50. Qb7 Qc1 51. Qb4+ Kf7 52. a7 Qxf4+
53. Kg1 Qe3+ 54. Kf1 Qd3+ 55. Kf2 Qa6 56. Qb8 Nxb8 57. axb8=Q Qd3 58. Qb2 f4 59.
Kg1 Kg6 60. Qf2 Kf5 61. Kh2 Ke4 62. h4 Qxd4 63. Qf3+ Kxe5 64. h5 Qe4 65. Qg4 Qf5
66. Qg7+ Ke4 67. h6 Qh5+ 68. Kg1 Qd1+ 69. Kh2 Qh5+ 70. Kg1 Qd1+ 71. Kh2 Qh5+ 1/2-1/2

[Event "14th Gijon Closed 2022"]
[Site "Gijon ESP"]
[Date "2022.07.06"]
[EventDate "?"]
[Round "6.1"]
[Result "1/2-1/2"]
[White "Gines Esteo, Pedro Antonio"]
[Black "D Gukesh"]
[WhiteElo "2455"]
[BlackElo "2684"]
[PlyCount "146"]

1. d4 Nf6 2. c4 e6 3. Nf3 d5 4. g3 Bb4+ 5. Bd2 a5 6. Bg2 O-O 7. Qc2 c5 8. cxd5 cxd4 9. Nxd4 Qb6 10. e3 exd5 11. O-O Nc6 12. Nxc6 bxc6 13. Rc1 Rb8 14. Nc3 h5 15. a3 Be7 16. Na4 Qd8 17. Qxc6 Bd7 18. Qc2 h4 19. Nc3 h3 20. Bf3 Bg4 21. Bxg4 Nxg4 22. Qf5 Rxb2 23. Be1 Nf6 24. Qxh3 d4 25. exd4 Qxd4 26. Rd1 Qe5 27. Qg2 Ng4 28. Qf3 Qe6 29. Qe4 Bc5 30. Qxe6 fxe6 31. Ne4 Nxf2 32. Bxf2 Bxf2+ 33. Kh1 e5 34. Rd2 Rxd2 35. Nxd2 Bd4 36. Re1 a4 37. Nc4 Rc8 38. Nxe5 Bb2 39. Nd7 Rc3 40. Rb1 Bxa3 41. Rb8+ Kf7 42. Ra8 Rc1+ 43. Kg2 Rc2+ 44. Kh3 Rc7 45. Ne5+ Ke6 46. Rxa4 Kxe5 47. Rxa3 Kf6 48. Kg4 Rc4+ 49. Kf3 Kg6 50. Re3 Kh7 51. Re4 Rc5 52. Kg4 Ra5 53. h4 Rb5 54. Kf4 Ra5 55. Re5 Ra6 56. Rb5 Rf6+ 57. Kg4 Rg6+ 58. Rg5 Ra6 59. Rh5+ Kg8 60. Rd5 Kh7 61. h5 g6 62. Kg5 gxh5 63. Rd7+ Kg8 64. Kxh5 Ra5+ 65. Kh4 Rc5 66. g4 Ra5 67. g5 Ra6 68. Kh5 Rb6 69. Kg4 Rb4+ 70. Kf5 Rb5+ 71. Kf6 Rb6+ 72. Kf5 Rb5+ 73. Kf6 Rb6+ 1/2-1/2

[Event "55th Biel GM"]
[Site "Biel SUI"]
[Date "2022.07.22"]
[EventDate "2022.07.14"]
[Round "7.1"]
[Result "1-0"]
[White "AR Saleh Salem"]
[Black "D Gukesh"]
[WhiteElo "2684"]
[BlackElo "2684"]
[PlyCount "114"]

1. d4 Nf6 2. c4 e6 3. g3 d5 4. Bg2 Bb4+ 5. Nd2 O-O 6. Nf3 b6 7. O-O Bb7 8. cxd5
exd5 9. Nb1 Nbd7 10. Qb3 Bd6 11. Nc3 Re8 12. Bg5 h6 13. Bf4 Bxf4 14. gxf4 Ne4
15. e3 c5 16. Rfd1 c4 17. Qc2 Rc8 18. Bh3 Rc7 19. Kh1 Ndf6 20. Ne5 Bc8 21. Bxc8
Qxc8 22. Rg1 Nd6 23. Rg2 Qf5 24. Qa4 Kh7 25. Rag1 g6 26. f3 Ree7 27. a3 a5 28.
Qd1 b5 29. Qe1 b4 30. axb4 axb4 31. Na2 b3 32. Nc3 Qh3 33. e4 Re8 34. Rg3 Qh4
35. f5 dxe4 36. fxg6+ fxg6 37. Rxg6 Qxe1 38. Rxe1 Rf8 39. fxe4 Rg7 40. Rxg7+
Kxg7 41. Rg1+ Kh7 42. Rf1 Kg7 43. Kg2 h5 44. Rf2 Ra8 45. Kf3 Ra1 46. Rg2+ Kh7
47. Kf4 Rc1 48. Nf3 Rc2 49. Rg1 Kh6 50. e5 Rxc3 51. exd6 Rd3 52. Rc1 Nd5+ 53.
Ke4 Nf6+ 54. Kf4 Nd5+ 55. Ke5 Nb6 56. Ke4 Kg7 57. d7 1-0

[Event "Aimchess Meltwater Champions"]
[Site "chess24.com INT"]
[Date "2022.10.14"]
[EventDate "2022.10.14"]
[Round "1.7"]
[Result "1/2-1/2"]
[White "Anton Guijarro, David"]
[Black "D Gukesh"]
[WhiteElo "2655"]
[BlackElo "2732"]
[PlyCount "130"]

1. e4 c5 2. Nf3 e6 3. c3 d5 4. exd5 Qxd5 5. d4 Nf6 6. Bd3 Nc6 7. O-O Be7 8. dxc5
Qxc5 9. Nbd2 O-O 10. Ne4 Qb6 11. Nxf6+ Bxf6 12. Qc2 g6 13. Bh6 Bg7 14. Bxg7 Kxg7
15. Rad1 Rd8 16. h4 Bd7 17. Qc1 Ne7 18. h5 f6 19. h6+ Kg8 20. Bc4 Bb5 21. Bxb5
Qxb5 22. c4 Qa6 23. Nd4 Rac8 24. b3 Qb6 25. Nb5 a6 26. Nc3 Nf5 27. Ne4 e5 28. c5
Qe6 29. Qc4 Kf7 30. Qb4 Qc6 31. Qc4+ Qe6 32. Qb4 Qc6 33. Qc4+ Kf8 34. Rfe1 Nxh6
35. Nd6 Rb8 36. f4 b6 37. fxe5 Qxc5+ 38. Qxc5 bxc5 39. exf6 Rd7 40. Ne4 Rxd1 41.
Rxd1 Ng4 42. Nxc5 Rb5 43. Nxa6 Nxf6 44. Nc7 Rb7 45. Ne6+ Ke7 46. Nd4 Kd6 47. b4
Ne4 48. a3 Rb8 49. Nf3+ Kc6 50. Rd4 Ng3 51. Kf2 Nf5 52. Re4 Ra8 53. g4 Nd6 54.
Re3 Nb5 55. Re7 Rxa3 56. Rxh7 Rb3 57. Rg7 Rxb4 58. Rxg6+ Kd5 59. Rg5+ Ke6 60.
Re5+ Kf7 61. g5 Nd4 62. Nxd4 Rxd4 63. Kf3 Kg6 64. Re4 Rxe4 65. Kxe4 Kxg5 1/2-1/2

[Event "Aimchess Meltwater Champions"]
[Site "chess24.com INT"]
[Date "2022.10.14"]
[EventDate "2022.10.14"]
[Round "3.8"]
[Result "1/2-1/2"]
[White "Santosh Gujrathi Vidit"]
[Black "D Gukesh"]
[WhiteElo "2710"]
[BlackElo "2732"]
[PlyCount "92"]

1. d4 g6 2. e4 Bg7 3. Nc3 d6 4. Be3 a6 5. h4 h5 6. Nh3 Nf6 7. f3 Bxh3 8. Rxh3
Nbd7 9. Qd2 b5 10. a4 c6 11. Be2 O-O 12. Rh1 e5 13. dxe5 dxe5 14. axb5 axb5 15.
Kf2 Qe7 16. Rhd1 Rxa1 17. Rxa1 Nc5 18. Kf1 Rc8 19. Nd1 Ne6 20. Ra7 Qf8 21. Nf2
Ra8 22. Qa5 Rxa7 23. Qxa7 Qd6 24. Nd3 Nd7 25. Qa8+ Bf8 26. c3 Nf4 27. Nb4 c5 28.
Bxf4 exf4 29. Nd5 Nb6 30. Nxb6 Qxb6 31. b3 c4 32. bxc4 Qe3 33. Qd8 Qc1+ 34. Qd1
Qxc3 35. cxb5 Bc5 36. Qd3 Qa1+ 37. Bd1 Qb2 38. Bc2 Be3 39. Ke2 Qf6 40. Qd5 Kg7
41. Bb3 Qb2+ 42. Kd3 Kh6 43. Qg5+ Kg7 44. Qd5 Kh6 45. Qg5+ Kg7 46. Qd5 1/2-1/2